000 00885nas a2200265 4500
001 BR2014002518
003 BR-BrBNA
005 20231205123934.0
007 ta
008 230509b bl.|||p| |||| 00| 00por d
040 _aBR-BrBNA
_bpor
_cBiblioteca Nacional de Agricultura
041 _a(Pt)
072 _aP40; U10
100 1 _aLeitão, M. de M.V.B.R.
100 1 _aOliveira, G.M. de
100 1 _aLeitão, T.J.V.
245 1 _aAvaliação do desempenho de diferentes métodos de estimativa da evaporação para duas regiões da Paraíba
650 _aRADIAÇÃO SOLAR
650 _aVENTO
650 _aUMIDADE RELATIVA
650 _aRECURSO HÍDRICO
773 0 _tRevista Brasileira de Engenharia Agrícola e Ambiental (Brazil)
_xISSN 1415-4366
_g(Nov-Dec 2007), v. 11(6) p. 585-593
_wBR2014002518
909 _a202311
_bLúcia
_c55
_dLúcia Elande
942 _2AGRIS
_n0
_cANA
999 _c236494
_d236494